How to photograph buildings and interiors /

Guardado en:
Detalles Bibliográficos
Autor principal: Kopelow, Gerry (autor)
Formato: Libro
Idioma:Inglés
Temas:
Etiquetas: Agrega una etiqueta
Sin etiquetas, Sé el primero en etiquetar este registro!

MARC

LEADER 00000nam^a2200000^a^4500
001 000040619
005 20250521000000.0
009 20260310085627.245
020 |a 0-910413-70-3 
037 |a Acervo ITESO - Biblioteca 
041 |a ING 
082 |a 778. 9  |b KOP 
100 |a Kopelow, Gerry  |e (autor) 
245 1 0 |a How to photograph buildings and interiors /  |c G. Kopelow. 
264 |a Nueva York, EUA :  |b Princeton Architectural Press,  |c 1993 
300 |a 127 p. 
336 |a texto  |b txt  |2 rdacontenido 
337 |a sin mediación  |b n  |2 rdamedio 
338 |a volumen  |b nc  |2 rdasoporte 
649 |a XX 
650 |a Fotografía 
650 |a Arquitectura 
910 |a Fondo General 
920 |a Impresos - Libros 
930 |a Reserva Especial 
905 |a 103 
901 |a 0406190100  |b IT1  |c REE  |i 040619  |u 20250521 
901 |a 0406190200  |b IT1  |c REE  |i 908249  |u 20250521 
902 |a https://opac.biblio.iteso.mx/vufind/Record/000040619